header

Resource curse reduction through innovation - a blessing for all - the case of Kuwait / (Record no. 99455)

MARC details
000 -LEADER
fixed length control field 01879nam a2200397 i 4500
001 - CONTROL NUMBER
control field ebr10850086
003 - CONTROL NUMBER IDENTIFIER
control field CaPaEBR
006 - FIXED-LENGTH DATA ELEMENTS--ADDITIONAL MATERIAL CHARACTERISTICS--GENERAL INFORMATION
fixed length control field m o d
007 - PHYSICAL DESCRIPTION FIXED FIELD--GENERAL INFORMATION
fixed length control field cr cn|||||||||
008 - FIXED-LENGTH DATA ELEMENTS--GENERAL INFORMATION
fixed length control field 140331t20132013enkab ob 000 0 eng d
020 ## - INTERNATIONAL STANDARD BOOK NUMBER
Cancelled/invalid ISBN 9781443842167
International Standard Book Number 9781443855877 (e-book)
040 ## - CATALOGING SOURCE
Original cataloging agency CaPaEBR
Language of cataloging eng
Description conventions rda
-- pn
Transcribing agency CaPaEBR
035 ## - SYSTEM CONTROL NUMBER
System control number (OCoLC)875097142
043 ## - GEOGRAPHIC AREA CODE
Geographic area code a-ku---
050 14 - LIBRARY OF CONGRESS CALL NUMBER
Classification number HC415.39.Z9
Item number .A473 2013eb
082 04 - DEWEY DECIMAL CLASSIFICATION NUMBER
Classification number 338.064
Edition number 23
100 1# - MAIN ENTRY--PERSONAL NAME
Personal name Al Sabah, Meshaal Jaber Al Ahmad,
Relator term author.
245 10 - TITLE STATEMENT
Title Resource curse reduction through innovation - a blessing for all - the case of Kuwait /
Statement of responsibility, etc by Meshaal Jaber Al Ahmad Al Sabah.
264 #1 - PRODUCTION, PUBLICATION, DISTRIBUTION, MANUFACTURE, AND COPYRIGHT NOTICE
Place of production, publication, distribution, manufacture Newcastle upon Tyne, [England] :
Name of producer, publisher, distributor, manufacturer Cambridge Scholars Publishing,
Date of production, publication, distribution, manufacture, or copyright notice 2013.
Date of production, publication, distribution, manufacture, or copyright notice �2013
300 ## - PHYSICAL DESCRIPTION
Extent 1 online resource (184 pages) :
Other physical details illustrations, tables, maps
336 ## - CONTENT TYPE
Content type term text
Source rdacontent
337 ## - MEDIA TYPE
Media type term computer
Source rdamedia
338 ## - CARRIER TYPE
Carrier type term online resource
Source rdacarrier
504 ## - BIBLIOGRAPHY, ETC. NOTE
Bibliography, etc Includes bibliographical references.
588 ## - SOURCE OF DESCRIPTION NOTE
Source of description note Description based on print version record.
590 ## - LOCAL NOTE (RLIN)
Local note Electronic reproduction. Palo Alto, Calif. : ebrary, 2014. Available via World Wide Web. Access may be limited to ebrary affiliated libraries.
650 #0 - SUBJECT ADDED ENTRY--TOPICAL TERM
Topical term or geographic name as entry element Technological innovations
General subdivision Economic aspects
Geographic subdivision Kuwait.
Topical term or geographic name as entry element Technological innovations
General subdivision Social aspects
Geographic subdivision Kuwait.
Topical term or geographic name as entry element Technological innovations
Geographic subdivision Kuwait.
655 #0 - INDEX TERM--GENRE/FORM
Genre/form data or focus term Electronic books.
776 08 - ADDITIONAL PHYSICAL FORM ENTRY
Display text Print version:
Main entry heading Al Sabah, Meshaal Jaber Al Ahmad.
Title Resource curse reduction through innovation - a blessing for all - the case of Kuwait.
Place, publisher, and date of publication Newcastle upon Tyne, [England] : Cambridge Scholars Publishing, c2013
Physical description xvi, 168 pages
International Standard Book Number 9781443842167
Record control number 2013376815
797 2# - LOCAL ADDED ENTRY--CORPORATE NAME (RLIN)
Corporate name or jurisdiction name as entry element ebrary.
856 40 - ELECTRONIC LOCATION AND ACCESS
Uniform Resource Identifier <a href="http://site.ebrary.com/lib/rucke/Doc?id=10850086">http://site.ebrary.com/lib/rucke/Doc?id=10850086</a>
Public note An electronic book accessible through the World Wide Web; click to view

No items available.

© 2026 Rongo University
Contact us: librarian | system librarian | Rongo university